000 01035nam a2200253 a 4500
001 74128
003 BD-RjUL
005 20211209082511.0
008 180305s2010 bg af||| b||| 000 0 ben d
020 _a9789842001093
_cTk. 400.00
035 _a(BD-RjUL)74346
040 _aBD-RjUL
_beng
_cBD-RjUL
041 _aben
082 _223
_a891.4409
_bZAB 2010
100 1 _aজাকারিয়া, সাইমন
_9220374
245 1 0 _aবাংলা সাহিত্যের অলিখিত ইতিহাস /
_cসাইমন জাকারিয়া , নাজমীন মর্তুজা,
260 _aঢাকা :
_bঅ্যাডন পাব ,
_c২০১০
300 _a২৬৩ পৃ. ;
_c২২ সেমি.
504 _aগ্রন্থপঞ্জি সম্বলিত
650 _aবাংলা সাহিত্য
_vইতিহাস
_9220375
650 _aBengali Literature
_vHistory
_9220376
700 _aমর্তুজা, নাজমীন
_9220377
942 _2ddc
_cBK
999 _c74128
_d74128